[Event "Kupreichik Memorial Open 2018"]
[Site "Minsk"]
[Date "2018.06.21"]
[Round "4"]
[White "Uzlavataya, Anhelina"]
[Black "Cherepov, Alexej"]
[Result "1-0"]
[WhiteElo "1925"]
[BlackElo "2234"]
[Annotator "NA"]
[PlyCount "57"]
[EventDate "2018.06.21"]
[EventCountry "BLR"]
[SourceTitle "playchess.com"]
[Source "ChessBase"]
[SourceQuality "1"]
[TimeControl "900+10"]

1. Nf3 {[%emt 0:00:00]} c5 {[%emt 0:00:05]} 2. g3 {[%emt 0:00:00]} Nc6 {[%emt 0:00:13]} 3. d4 {[%emt 0:00:00]} cxd4 {[%emt 0:00:37]} 4. Nxd4 {[%emt 0:00:00]} d5 {[%emt 0:00:02]} 5. Nxc6 {[%emt 0:00:07]} bxc6 {[%emt 0:00:01]} 6. c4 {[%emt 0:00:04]} d4 {[%emt 0:01:14]} 7. Bg2 {[%emt 0:00:11]} Bb7 {[%emt 0:00:23]} 8. O-O {[%emt 0:01:07]} e5 {[%emt 0:00:53]} 9. Qa4 {[%emt 0:00:20]} Qd7 {[%emt 0:02:14]} 10. Rd1 {[%emt 0:00:42]} Ne7 {[%emt 0:03:24]} 11. f4 {[%emt 0:01:04]} Nc8 {[%emt 0:01:24]} 12. fxe5 {[%emt 0:00:51]} Nb6 {[%emt 0:00:01]} 13. Qc2 {[%emt 0:00:20]} c5 {[%emt 0:00:16]} 14. e3 {[%emt 0:01:00]} Bxg2 {[%emt 0:00:51]} 15. Qxg2 {[%emt 0:00:02]} Rc8 {[%emt 0:00:37]} 16. b3 {[%emt 0:00:40]} d3 {[%emt 0:00:23]} 17. Bb2 {[%emt 0:00:22]} Be7 {[%emt 0:00:07]} 18. e6 {[%emt 0:02:21]} Qxe6 {[%emt 0:00:04]} 19. Bxg7 {[%emt 0:00:06]} Rg8 {[%emt 0:00:10]} 20. Bb2 {[%emt 0:00:25]} Qxe3+ {[%emt 0:00:17]} 21. Kh1 {[%emt 0:00:01]} Rd8 {[%emt 0:00:20]} 22. Nc3 {[%emt 0:02:25]} Rg6 {[%emt 0:00:28]} 23. Re1 {[%emt 0:00:21]} Qg5 {[%emt 0:00:08]} 24. Ne4 {[%emt 0:00:19]} Qf5 {[%emt 0:00:22]} 25. Rf1 {[%emt 0:00:27]} Qh5 {[%emt 0:01:59]} 26. Rae1 {[%emt 0:00:36]} Kf8 {[%emt 0:01:03]} 27. Qf2 {[%emt 0:01:13]} Re6 {[%emt 0:00:42]} 28. Nf6 {[%emt 0:02:16]} Qh3 {[%emt 0:01:09]} 29. Ng4 1-0

[Event "Kupreichik Memorial Open 2018"]
[Site "Minsk"]
[Date "2018.06.21"]
[Round "4"]
[White "Sadovnikov, Konstantin"]
[Black "Korniichuk, Oleksandra"]
[Result "1-0"]
[WhiteElo "1908"]
[BlackElo "1740"]
[Annotator "NA"]
[PlyCount "59"]
[EventDate "2018.06.21"]
[EventCountry "BLR"]
[SourceTitle "playchess.com"]
[Source "ChessBase"]
[SourceQuality "1"]
[TimeControl "900+10"]

1. e4 {[%emt 0:00:00]} c5 {[%emt 0:00:04]} 2. Nc3 {[%emt 0:00:00]} e6 {[%emt 0:00:09]} 3. g3 {[%emt 0:00:00]} d5 {[%emt 0:00:07]} 4. Bg2 {[%emt 0:00:02]} d4 {[%emt 0:00:22]} 5. Nce2 {[%emt 0:00:05]} Nf6 {[%emt 0:00:24]} 6. d3 {[%emt 0:00:07]} Be7 {[%emt 0:00:22]} 7. f4 {[%emt 0:00:08]} Nc6 {[%emt 0:00:18]} 8. Nf3 {[%emt 0:00:04]} O-O {[%emt 0:00:13]} 9. O-O {[%emt 0:00:12]} b5 {[%emt 0:00:20]} 10. h3 {[%emt 0:00:35]} Bb7 {[%emt 0:00:40]} 11. g4 {[%emt 0:00:08]} Qb6 {[%emt 0:00:25]} 12. f5 {[%emt 0:00:31]} exf5 {[%emt 0:00:25]} 13. gxf5 {[%emt 0:00:09]} Nd7 {[%emt 0:00:41]} 14. Bf4 {[%emt 0:00:52]} Bf6 {[%emt 0:00:21]} 15. Ng3 {[%emt 0:00:14]} Nce5 {[%emt 0:00:50]} 16. Nh5 {[%emt 0:00:30]} Rfe8 {[%emt 0:01:36]} 17. Nxe5 {[%emt 0:00:57]} Nxe5 {[%emt 0:00:51]} 18. Bxe5 {[%emt 0:00:02]} Bxe5 {[%emt 0:00:02]} 19. Qg4 {[%emt 0:01:26]} Qc7 {[%emt 0:00:42]} 20. Nxg7 {[%emt 0:00:52]} Bh2+ {[%emt 0:02:47]} 21. Kh1 {[%emt 0:00:03]} Qg3 {[%emt 0:00:11]} 22. Nxe8+ {[%emt 0:00:54]} Qxg4 {[%emt 0:00:06]} 23. hxg4 {[%emt 0:00:01]} Be5 {[%emt 0:00:06]} 24. Nc7 {[%emt 0:00:58]} Bxc7 {[%emt 0:00:05]} 25. Rae1 {[%emt 0:00:01]} Be5 {[%emt 0:00:05]} 26. Bh3 {[%emt 0:00:03]} f6 {[%emt 0:00:17]} 27. g5 {[%emt 0:00:46]} fxg5 {[%emt 0:00:29]} 28. f6 {[%emt 0:00:01]} Bf4 {[%emt 0:00:11]} 29. Be6+ {[%emt 0:01:24]} Kf8 {[%emt 0:00:07]} 30. Rxf4 {[%emt 0:00:01]} 1-0

[Event "Kupreichik Memorial Open 2018"]
[Site "Minsk"]
[Date "2018.06.21"]
[Round "4"]
[White "Kirilin, Dmitrij"]
[Black "Osmolny, Vladimir I"]
[Result "1-0"]
[WhiteElo "1898"]
[BlackElo "2163"]
[Annotator "NA"]
[PlyCount "43"]
[EventDate "2018.06.21"]
[EventCountry "BLR"]
[SourceTitle "playchess.com"]
[Source "ChessBase"]
[SourceQuality "1"]
[TimeControl "900+10"]

1. d4 {[%emt 0:00:00]} d5 {[%emt 0:00:59]} 2. c4 {[%emt 0:00:00]} Nc6 {[%emt 0:00:02]} 3. Nf3 {[%emt 0:00:14]} Bg4 {[%emt 0:00:07]} 4. e3 {[%emt 0:00:20]} e5 {[%emt 0:01:03]} 5. dxe5 {[%emt 0:01:20]} dxc4 {[%emt 0:00:12]} 6. Qa4 {[%emt 0:01:01]} Qd5 {[%emt 0:07:19]} 7. Bxc4 {[%emt 0:00:46]} Qd7 {[%emt 0:00:59]} 8. Nbd2 {[%emt 0:00:58]} Nxe5 {[%emt 0:00:41]} 9. Bb5 {[%emt 0:00:45]} Nd3+ {[%emt 0:00:12]} 10. Ke2 {[%emt 0:00:12]} Bxf3+ {[%emt 0:00:04]} 11. Nxf3 {[%emt 0:00:31]} Nxc1+ 12. Raxc1 {[%emt 0:00:01]} c6 {[%emt 0:01:59]} 13. Rxc6 {[%emt 0:00:12]} bxc6 {[%emt 0:02:52]} 14. Bxc6 {[%emt 0:00:02]} O-O-O {[%emt 0:00:19]} 15. Bxd7+ {[%emt 0:00:29]} Rxd7 {[%emt 0:00:01]} 16. Rc1+ {[%emt 0:00:03]} Kd8 {[%emt 0:00:27]} 17. Ne5 {[%emt 0:00:21]} Rb7 {[%emt 0:00:25]} 18. Rd1+ {[%emt 0:01:05]} Ke7 {[%emt 0:00:16]} 19. Rd7+ {[%emt 0:00:23]} Rxd7 {[%emt 0:00:01]} 20. Qxd7+ {[%emt 0:00:02]} Kf6 {[%emt 0:00:01]} 21. Qxf7+ {[%emt 0:00:50]} Kxe5 {[%emt 0:00:03]} 22. f4+ {[%emt 0:00:01]} 1-0

[Event "Kupreichik Memorial Open 2018"]
[Site "Minsk"]
[Date "2018.06.21"]
[Round "4"]
[White "Tyurin, Artem"]
[Black "Tarasenka, Aliaksandra"]
[Result "1-0"]
[WhiteElo "1855"]
[BlackElo "1682"]
[Annotator "NA"]
[PlyCount "97"]
[EventDate "2018.06.21"]
[EventCountry "BLR"]
[SourceTitle "playchess.com"]
[Source "ChessBase"]
[SourceQuality "1"]
[TimeControl "900+10"]

1. e4 {[%emt 0:00:00]} c6 {[%emt 0:00:03]} 2. Nc3 {[%emt 0:00:00]} d5 {[%emt 0:00:12]} 3. Qe2 {[%emt 0:00:00]} Nf6 {[%emt 0:02:30]} 4. d3 {[%emt 0:00:20]} g6 {[%emt 0:00:51]} 5. Bg5 {[%emt 0:00:17]} Bg7 {[%emt 0:00:59]} 6. e5 {[%emt 0:00:09]} Nfd7 {[%emt 0:00:44]} 7. d4 {[%emt 0:00:06]} Qc7 {[%emt 0:01:21]} 8. O-O-O {[%emt 0:00:09]} e6 {[%emt 0:00:28]} 9. h4 {[%emt 0:00:22]} a6 {[%emt 0:00:49]} 10. h5 {[%emt 0:01:21]} c5 {[%emt 0:00:21]} 11. hxg6 hxg6 {[%emt 0:00:18]} 12. Rxh8+ {[%emt 0:00:57]} Bxh8 {[%emt 0:00:01]} 13. f4 {[%emt 0:00:51]} b5 {[%emt 0:03:03]} 14. f5 {[%emt 0:02:02]} gxf5 {[%emt 0:01:57]} 15. Qh5 {[%emt 0:01:03]} Bg7 {[%emt 0:00:06]} 16. Bxb5 {[%emt 0:01:03]} cxd4 {[%emt 0:00:34]} 17. Nxd5 {[%emt 0:01:43]} Qxe5 {[%emt 0:00:15]} 18. Bxd7+ {[%emt 0:02:23]} Nxd7 {[%emt 0:01:06]} 19. Nf4 {[%emt 0:00:02]} Bb7 {[%emt 0:00:36]} 20. Nd3 {[%emt 0:00:33]} Qa5 {[%emt 0:00:33]} 21. Kb1 {[%emt 0:00:48]} Bd5 {[%emt 0:00:18]} 22. b3 {[%emt 0:00:03]} Rc8 {[%emt 0:00:24]} 23. Ne2 {[%emt 0:00:10]} Qc7 {[%emt 0:01:00]} 24. Rd2 {[%emt 0:00:25]} Nf6 {[%emt 0:00:19]} 25. Bxf6 {[%emt 0:00:19]} Bxf6 {[%emt 0:00:01]} 26. Nef4 {[%emt 0:00:09]} Qd6 {[%emt 0:00:18]} 27. Qh6 {[%emt 0:00:43]} Ke7 {[%emt 0:00:13]} 28. Qh7 {[%emt 0:00:05]} e5 {[%emt 0:00:15]} 29. Nxd5+ {[%emt 0:01:04]} Qxd5 {[%emt 0:00:01]} 30. Qxf5 {[%emt 0:00:02]} Rg8 {[%emt 0:00:21]} 31. Rf2 {[%emt 0:00:39]} Rg6 {[%emt 0:00:07]} 32. Nf4 {[%emt 0:00:02]} Qd6 {[%emt 0:00:14]} 33. Nxg6+ {[%emt 0:00:05]} fxg6 {[%emt 0:00:03]} 34. Qxg6 {[%emt 0:00:03]} a5 {[%emt 0:00:14]} 35. Qh7+ {[%emt 0:00:03]} Kd8 {[%emt 0:00:08]} 36. Qg8+ {[%emt 0:00:02]} Kc7 {[%emt 0:00:10]} 37. Qf7+ {[%emt 0:00:05]} Be7 {[%emt 0:00:01]} 38. Qc4+ {[%emt 0:00:08]} Kd8 {[%emt 0:00:19]} 39. Rf7 {[%emt 0:00:16]} e4 {[%emt 0:00:13]} 40. Rf5 {[%emt 0:00:02]} Qh6 {[%emt 0:00:13]} 41. Qxd4+ {[%emt 0:00:05]} Ke8 {[%emt 0:00:03]} 42. Qxe4 {[%emt 0:00:17]} Qh1+ {[%emt 0:00:04]} 43. Kb2 {[%emt 0:00:03]} Qh8+ {[%emt 0:00:04]} 44. Qe5 {[%emt 0:00:01]} Qh4 {[%emt 0:00:13]} 45. Qb8+ {[%emt 0:00:06]} Kd7 {[%emt 0:00:02]} 46. Rd5+ {[%emt 0:00:18]} Ke6 {[%emt 0:00:01]} 47. Qe5+ {[%emt 0:00:02]} Kf7 {[%emt 0:00:02]} 48. Rd7 {[%emt 0:00:07]} a4 {[%emt 0:00:10]} 49. Qxe7+ {[%emt 0:00:05]} 1-0

[Event "Kupreichik Memorial Open 2018"]
[Site "Minsk"]
[Date "2018.06.21"]
[Round "4"]
[White "Kruglikova, Viktorija"]
[Black "Ivanytska, Liudmyla"]
[Result "1/2-1/2"]
[WhiteElo "1839"]
[BlackElo "1655"]
[Annotator "NA"]
[PlyCount "98"]
[EventDate "2018.06.21"]
[EventCountry "BLR"]
[SourceTitle "playchess.com"]
[Source "ChessBase"]
[SourceQuality "1"]
[TimeControl "900+10"]

1. e4 {[%emt 0:00:00]} d5 {[%emt 0:00:00]} 2. exd5 {[%emt 0:00:00]} Qxd5 {[%emt 0:00:02]} 3. Nc3 {[%emt 0:00:00]} Qa5 {[%emt 0:00:01]} 4. Nf3 {[%emt 0:00:00]} c6 {[%emt 0:00:01]} 5. d4 {[%emt 0:00:05]} Nf6 {[%emt 0:00:02]} 6. Be2 {[%emt 0:00:02]} Bf5 {[%emt 0:00:02]} 7. O-O {[%emt 0:00:03]} e6 {[%emt 0:00:00]} 8. h3 {[%emt 0:00:07]} Bd6 {[%emt 0:00:02]} 9. Nh4 {[%emt 0:00:04]} Bg6 {[%emt 0:00:02]} 10. Nxg6 {[%emt 0:00:02]} hxg6 {[%emt 0:00:01]} 11. Bf3 {[%emt 0:00:03]} Nbd7 {[%emt 0:00:15]} 12. Re1 {[%emt 0:00:02]} Qc7 {[%emt 0:00:05]} 13. d5 {[%emt 0:00:35]} cxd5 {[%emt 0:00:01]} 14. Nxd5 {[%emt 0:00:19]} Nxd5 {[%emt 0:00:02]} 15. Bxd5 {[%emt 0:00:02]} Nf6 {[%emt 0:00:01]} 16. Bf3 {[%emt 0:00:07]} O-O {[%emt 0:00:15]} 17. c3 {[%emt 0:00:01]} Rad8 {[%emt 0:00:01]} 18. Qb3 {[%emt 0:00:02]} b6 {[%emt 0:00:02]} 19. Be3 {[%emt 0:00:05]} Bc5 {[%emt 0:00:05]} 20. Qc4 {[%emt 0:00:25]} Bd6 {[%emt 0:00:01]} 21. Qb3 {[%emt 0:00:42]} Bf4 {[%emt 0:00:15]} 22. Bxf4 {[%emt 0:01:16]} Qxf4 {[%emt 0:00:01]} 23. Qb5 {[%emt 0:00:01]} Rd2 {[%emt 0:00:11]} 24. b3 {[%emt 0:02:51]} Rfd8 {[%emt 0:00:15]} 25. a4 {[%emt 0:05:51]} Rc2 {[%emt 0:00:07]} 26. Qc6 {[%emt 0:00:24]} Rdd2 {[%emt 0:00:25]} 27. Rf1 {[%emt 0:00:01]} Rd3 {[%emt 0:00:20]} 28. Qa8+ {[%emt 0:00:08]} Kh7 {[%emt 0:00:01]} 29. Qxa7 {[%emt 0:00:01]} Rcxc3 {[%emt 0:00:02]} 30. Qxf7 {[%emt 0:00:24]} Qg5 {[%emt 0:00:20]} 31. Kh1 {[%emt 0:00:38]} Qf5 {[%emt 0:00:39]} 32. Bg4 {[%emt 0:01:35]} Nxg4 {[%emt 0:00:02]} 33. Qxf5 {[%emt 0:00:02]} gxf5 {[%emt 0:00:02]} 34. hxg4 {[%emt 0:00:02]} Rxb3 {[%emt 0:00:11]} 35. gxf5 {[%emt 0:00:01]} exf5 {[%emt 0:00:01]} 36. a5 {[%emt 0:00:08]} bxa5 {[%emt 0:00:19]} 37. Rxa5 {[%emt 0:00:02]} g6 {[%emt 0:00:03]} 38. Re1 {[%emt 0:00:02]} Rd2 {[%emt 0:00:05]} 39. Re7+ {[%emt 0:00:02]} Kh6 {[%emt 0:00:01]} 40. f4 {[%emt 0:00:17]} Rb1+ {[%emt 0:00:06]} 41. Kh2 {[%emt 0:00:01]} Rbb2 {[%emt 0:00:01]} 42. Raa7 {[%emt 0:00:15]} Rxg2+ {[%emt 0:00:13]} 43. Kh3 {[%emt 0:00:00]} Rh2+ {[%emt 0:00:13]} 44. Kg3 {[%emt 0:00:02]} Rhg2+ {[%emt 0:01:06]} 45. Kh3 {[%emt 0:00:07]} Rh2+ {[%emt 0:00:15]} 46. Kg3 {[%emt 0:00:01]} Rbg2+ {[%emt 0:00:02]} 47. Kf3 {[%emt 0:00:01]} Rf2+ {[%emt 0:00:07]} 48. Kg3 {[%emt 0:00:01]} Rhg2+ {[%emt 0:00:05]} 49. Kh3 {[%emt 0:00:01]} Rh2+ {[%emt 0:01:41]} 1/2-1/2

[Event "Kupreichik Memorial Open 2018"]
[Site "Minsk"]
[Date "2018.06.21"]
[Round "4"]
[White "Masjuk, Vladimir"]
[Black "Sirotkina, Nina"]
[Result "0-1"]
[WhiteElo "1829"]
[BlackElo "2116"]
[Annotator "NA"]
[PlyCount "152"]
[EventDate "2018.06.21"]
[EventCountry "BLR"]
[SourceTitle "playchess.com"]
[Source "ChessBase"]
[SourceQuality "1"]
[TimeControl "900+10"]

1. e4 {[%emt 0:00:00]} d5 {[%emt 0:00:13]} 2. exd5 {[%emt 0:00:00]} Qxd5 {[%emt 0:00:02]} 3. Nc3 {[%emt 0:00:00]} Qd6 {[%emt 0:00:03]} 4. d4 {[%emt 0:00:02]} Nf6 {[%emt 0:00:36]} 5. Nf3 {[%emt 0:00:06]} Bg4 {[%emt 0:00:16]} 6. Be2 {[%emt 0:00:03]} c6 {[%emt 0:00:21]} 7. O-O {[%emt 0:00:31]} e6 {[%emt 0:00:37]} 8. Bg5 {[%emt 0:01:33]} Nbd7 {[%emt 0:01:04]} 9. Bh4 {[%emt 0:00:14]} Qc7 {[%emt 0:00:58]} 10. Bg3 {[%emt 0:00:53]} Bd6 {[%emt 0:00:41]} 11. Ne5 {[%emt 0:01:12]} Bf5 {[%emt 0:02:22]} 12. Re1 {[%emt 0:02:03]} O-O {[%emt 0:00:44]} 13. Bf3 {[%emt 0:00:23]} Rad8 {[%emt 0:00:56]} 14. Qe2 {[%emt 0:00:59]} Bxe5 {[%emt 0:01:46]} 15. dxe5 {[%emt 0:00:05]} Nd5 {[%emt 0:00:05]} 16. Nxd5 {[%emt 0:00:10]} cxd5 {[%emt 0:00:19]} 17. c3 {[%emt 0:00:04]} Nb6 {[%emt 0:00:15]} 18. Qb5 {[%emt 0:00:54]} Qc4 {[%emt 0:00:48]} 19. Qb3 {[%emt 0:01:10]} Rc8 {[%emt 0:01:08]} 20. Be2 {[%emt 0:00:16]} Qc5 {[%emt 0:00:22]} 21. Rad1 {[%emt 0:00:37]} Nc4 {[%emt 0:00:27]} 22. Rd4 {[%emt 0:00:41]} b5 {[%emt 0:00:40]} 23. a3 {[%emt 0:01:16]} a5 {[%emt 0:00:31]} 24. h3 {[%emt 0:02:41]} a4 {[%emt 0:00:15]} 25. Qa2 {[%emt 0:00:05]} Rb8 {[%emt 0:00:29]} 26. Qa1 {[%emt 0:00:06]} Na5 {[%emt 0:00:53]} 27. Qd1 {[%emt 0:00:26]} Nc4 {[%emt 0:00:17]} 28. Qc1 {[%emt 0:00:10]} Na5 {[%emt 0:00:07]} 29. Rh4 {[%emt 0:00:17]} Bg6 {[%emt 0:00:35]} 30. Bh5 {[%emt 0:00:38]} Nb3 {[%emt 0:00:39]} 31. Qg5 {[%emt 0:00:11]} Rfd8 {[%emt 0:00:32]} 32. Bxg6 {[%emt 0:00:33]} hxg6 {[%emt 0:00:11]} 33. Qe3 {[%emt 0:01:04]} d4 {[%emt 0:00:27]} 34. cxd4 {[%emt 0:00:04]} Nxd4 {[%emt 0:00:08]} 35. Kh2 {[%emt 0:00:11]} Qd5 {[%emt 0:00:17]} 36. Rc1 {[%emt 0:00:14]} Nf5 {[%emt 0:00:05]} 37. Qe1 {[%emt 0:00:18]} Nxh4 {[%emt 0:00:02]} 38. Bxh4 {[%emt 0:00:01]} Rdc8 {[%emt 0:00:07]} 39. Rd1 {[%emt 0:00:02]} Qc4 {[%emt 0:00:13]} 40. Bg3 {[%emt 0:00:23]} Rd8 {[%emt 0:00:11]} 41. Rc1 {[%emt 0:00:01]} Qd3 {[%emt 0:00:07]} 42. Bh4 {[%emt 0:00:11]} Rd5 {[%emt 0:00:04]} 43. Rc7 {[%emt 0:00:17]} Qd4 {[%emt 0:00:20]} 44. Bg3 {[%emt 0:00:05]} Rd7 {[%emt 0:00:07]} 45. Rc3 {[%emt 0:00:06]} Qd2 {[%emt 0:00:09]} 46. Qb1 {[%emt 0:00:03]} Rbd8 {[%emt 0:00:14]} 47. Rc5 {[%emt 0:00:11]} Rd5 {[%emt 0:00:10]} 48. Rc7 {[%emt 0:00:07]} Qe2 {[%emt 0:00:09]} 49. Qc1 {[%emt 0:00:06]} Rd1 {[%emt 0:00:09]} 50. Qf4 {[%emt 0:00:03]} R1d7 {[%emt 0:00:20]} 51. Qg5 {[%emt 0:00:16]} Qd2 {[%emt 0:00:20]} 52. Qxd2 {[%emt 0:00:31]} Rxd2 {[%emt 0:00:01]} 53. Bh4 {[%emt 0:00:04]} Rb8 {[%emt 0:00:08]} 54. f4 {[%emt 0:00:18]} Rxb2 {[%emt 0:00:02]} 55. Be7 {[%emt 0:00:01]} Rb3 {[%emt 0:00:13]} 56. Ra7 {[%emt 0:00:15]} Rc8 {[%emt 0:00:04]} 57. h4 {[%emt 0:00:05]} Rc2 {[%emt 0:00:15]} 58. Ra8+ {[%emt 0:00:25]} Kh7 {[%emt 0:00:01]} 59. Rf8 {[%emt 0:00:01]} Rbb2 {[%emt 0:00:17]} 60. Rxf7 {[%emt 0:00:16]} Rxg2+ {[%emt 0:00:03]} 61. Kh3 {[%emt 0:00:00]} Rh2+ {[%emt 0:00:47]} 62. Kg3 {[%emt 0:00:11]} Rbg2+ {[%emt 0:00:02]} 63. Kf3 {[%emt 0:00:01]} Ra2 {[%emt 0:00:14]} 64. Bf6 {[%emt 0:00:33]} Rxa3+ {[%emt 0:00:03]} 65. Ke4 {[%emt 0:00:06]} Re2+ {[%emt 0:00:31]} 66. Kd4 {[%emt 0:00:02]} Rf3 {[%emt 0:00:05]} 67. Rxg7+ {[%emt 0:00:05]} Kh6 {[%emt 0:00:04]} 68. Rg8 {[%emt 0:00:25]} Kh5 {[%emt 0:00:07]} 69. Bg5 {[%emt 0:00:08]} a3 {[%emt 0:00:08]} 70. f5 {[%emt 0:00:33]} exf5 {[%emt 0:00:07]} 71. Rh8+ {[%emt 0:00:07]} Kg4 {[%emt 0:00:02]} 72. Ra8 {[%emt 0:00:02]} b4 {[%emt 0:00:11]} 73. Kd5 {[%emt 0:00:01]} Rd3+ {[%emt 0:00:04]} 74. Kc4 {[%emt 0:00:10]} Rd1 {[%emt 0:00:03]} 75. Kxb4 {[%emt 0:00:04]} a2 {[%emt 0:00:01]} 76. e6 {[%emt 0:00:11]} a1=Q {[%emt 0:00:04]} 0-1

[Event "Kupreichik Memorial Open 2018"]
[Site "Minsk"]
[Date "2018.06.21"]
[Round "4"]
[White "Rybakova, Polina"]
[Black "Kashtelyan, Valentin"]
[Result "1-0"]
[WhiteElo "1826"]
[BlackElo "1604"]
[Annotator "NA"]
[PlyCount "95"]
[EventDate "2018.06.21"]
[EventCountry "BLR"]
[SourceTitle "playchess.com"]
[Source "ChessBase"]
[SourceQuality "1"]
[TimeControl "900+10"]

1. e4 {[%emt 0:00:00]} c5 {[%emt 0:00:05]} 2. Nf3 {[%emt 0:00:00]} Nc6 {[%emt 0:00:02]} 3. Bb5 {[%emt 0:00:00]} Qc7 {[%emt 0:00:12]} 4. O-O {[%emt 0:00:12]} e6 {[%emt 0:00:01]} 5. Nc3 {[%emt 0:00:20]} Nge7 {[%emt 0:00:06]} 6. d4 {[%emt 0:00:16]} cxd4 {[%emt 0:00:04]} 7. Nxd4 {[%emt 0:00:04]} a6 {[%emt 0:00:10]} 8. Be2 {[%emt 0:00:57]} Ng6 {[%emt 0:00:11]} 9. Kh1 {[%emt 0:00:32]} Be7 {[%emt 0:00:08]} 10. Nxc6 {[%emt 0:00:37]} bxc6 {[%emt 0:00:12]} 11. f4 {[%emt 0:00:04]} d5 {[%emt 0:01:15]} 12. f5 {[%emt 0:00:42]} Ne5 {[%emt 0:00:17]} 13. Bf4 {[%emt 0:00:56]} O-O {[%emt 0:00:54]} 14. Bg3 {[%emt 0:00:46]} f6 {[%emt 0:00:43]} 15. fxe6 {[%emt 0:01:39]} Bxe6 {[%emt 0:00:14]} 16. exd5 {[%emt 0:00:11]} Rfd8 {[%emt 0:00:37]} 17. Bf3 {[%emt 0:01:39]} Qa5 {[%emt 0:01:44]} 18. Bxe5 {[%emt 0:00:39]} fxe5 {[%emt 0:00:08]} 19. Qe2 {[%emt 0:00:22]} Bxd5 {[%emt 0:00:38]} 20. Nxd5 {[%emt 0:02:25]} cxd5 {[%emt 0:00:42]} 21. Qxe5 {[%emt 0:00:03]} Bf6 {[%emt 0:00:13]} 22. Qe6+ {[%emt 0:00:12]} Kh8 {[%emt 0:00:08]} 23. c3 {[%emt 0:00:12]} Rab8 {[%emt 0:00:14]} 24. Rad1 {[%emt 0:00:13]} Rb6 {[%emt 0:01:21]} 25. Qe2 {[%emt 0:00:59]} h6 {[%emt 0:00:24]} 26. Bxd5 {[%emt 0:01:20]} Rbd6 {[%emt 0:00:50]} 27. Bb3 {[%emt 0:01:49]} Qe5 {[%emt 0:02:03]} 28. Qxe5 {[%emt 0:01:30]} Bxe5 {[%emt 0:00:04]} 29. Rfe1 Bf4 {[%emt 0:01:13]} 30. g3 {[%emt 0:00:57]} Rxd1 {[%emt 0:00:22]} 31. Rxd1 {[%emt 0:00:01]} Rxd1+ {[%emt 0:00:02]} 32. Bxd1 {[%emt 0:00:01]} Bd2 {[%emt 0:00:11]} 33. Kg2 {[%emt 0:00:19]} Kg8 {[%emt 0:00:07]} 34. Kf3 {[%emt 0:00:07]} Kf7 {[%emt 0:00:13]} 35. Ke2 {[%emt 0:00:20]} Bg5 {[%emt 0:00:17]} 36. b4 {[%emt 0:00:12]} Ke6 {[%emt 0:00:22]} 37. Bb3+ {[%emt 0:00:10]} Kd6 {[%emt 0:00:09]} 38. Bc4 {[%emt 0:00:06]} Bf6 {[%emt 0:00:13]} 39. Kd3 {[%emt 0:00:15]} a5 {[%emt 0:00:45]} 40. bxa5 {[%emt 0:00:02]} Kc5 {[%emt 0:00:06]} 41. a6 {[%emt 0:00:02]} Kb6 {[%emt 0:00:03]} 42. a4 {[%emt 0:00:01]} Be7 {[%emt 0:00:06]} 43. Bb5 {[%emt 0:00:18]} Bc5 {[%emt 0:00:04]} 44. Ke4 {[%emt 0:00:07]} Bg1 {[%emt 0:00:43]} 45. h3 {[%emt 0:00:11]} Bh2 {[%emt 0:00:38]} 46. g4 {[%emt 0:00:09]} Bg1 {[%emt 0:00:23]} 47. Kd5 {[%emt 0:00:14]} Bc5 {[%emt 0:00:36]} 48. a7 {[%emt 0:00:17]} 1-0

[Event "Kupreichik Memorial Open 2018"]
[Site "Minsk"]
[Date "2018.06.21"]
[Round "4"]
[White "Pashkov, Vladimir M"]
[Black "Stsepkina, Yauheniya"]
[Result "0-1"]
[WhiteElo "1812"]
[BlackElo "1591"]
[Annotator "NA"]
[PlyCount "102"]
[EventDate "2018.06.21"]
[EventCountry "BLR"]
[SourceTitle "playchess.com"]
[Source "ChessBase"]
[SourceQuality "1"]
[TimeControl "900+10"]

1. d4 {[%emt 0:00:00]} Nf6 {[%emt 0:00:01]} 2. Nf3 {[%emt 0:00:00]} g6 {[%emt 0:00:00]} 3. c4 {[%emt 0:00:00]} Bg7 {[%emt 0:00:01]} 4. Nc3 {[%emt 0:00:00]} d5 {[%emt 0:00:01]} 5. e3 {[%emt 0:00:04]} O-O {[%emt 0:00:02]} 6. Bd3 {[%emt 0:00:04]} b6 {[%emt 0:02:17]} 7. Ne5 {[%emt 0:00:37]} Bb7 {[%emt 0:00:02]} 8. O-O {[%emt 0:00:56]} Nbd7 {[%emt 0:00:27]} 9. f4 {[%emt 0:00:06]} Rc8 {[%emt 0:00:25]} 10. Bd2 {[%emt 0:00:50]} c5 {[%emt 0:00:22]} 11. Qe2 {[%emt 0:00:23]} Ne4 {[%emt 0:05:10]} 12. Bxe4 {[%emt 0:00:50]} dxe4 {[%emt 0:00:02]} 13. Nxd7 {[%emt 0:00:08]} Qxd7 {[%emt 0:00:02]} 14. d5 {[%emt 0:00:13]} f5 {[%emt 0:00:23]} 15. Rac1 {[%emt 0:00:49]} e6 {[%emt 0:00:19]} 16. Rfd1 {[%emt 0:01:32]} exd5 {[%emt 0:00:42]} 17. cxd5 {[%emt 0:00:13]} Qf7 {[%emt 0:01:51]} 18. Be1 {[%emt 0:01:34]} Rfd8 {[%emt 0:00:35]} 19. d6 {[%emt 0:00:21]} Rc6 {[%emt 0:00:23]} 20. b3 {[%emt 0:02:52]} Rcxd6 {[%emt 0:00:08]} 21. Rxd6 {[%emt 0:01:02]} Rxd6 {[%emt 0:00:02]} 22. Rd1 {[%emt 0:00:06]} Qd7 {[%emt 0:00:19]} 23. Rxd6 {[%emt 0:00:51]} Qxd6 {[%emt 0:00:03]} 24. Qc4+ {[%emt 0:00:07]} Kf8 {[%emt 0:02:12]} 25. Kf2 {[%emt 0:00:24]} a6 {[%emt 0:00:36]} 26. a4 {[%emt 0:00:32]} Qd3 {[%emt 0:00:33]} 27. Qxd3 {[%emt 0:02:45]} exd3 {[%emt 0:00:01]} 28. e4 {[%emt 0:00:32]} fxe4 {[%emt 0:00:06]} 29. Ke3 {[%emt 0:00:04]} Bd4+ {[%emt 0:00:06]} 30. Kd2 {[%emt 0:00:11]} Ke7 {[%emt 0:00:46]} 31. Nd1 {[%emt 0:00:10]} Bd5 {[%emt 0:00:17]} 32. Bf2 {[%emt 0:00:41]} Bxb3 {[%emt 0:00:12]} 33. Ne3 {[%emt 0:00:04]} Bxe3+ {[%emt 0:01:34]} 34. Kxe3 {[%emt 0:00:08]} Bxa4 {[%emt 0:00:10]} 35. Be1 {[%emt 0:00:12]} Bc6 {[%emt 0:00:05]} 36. g4 {[%emt 0:00:07]} Ke6 {[%emt 0:00:06]} 37. Bc3 {[%emt 0:00:09]} b5 {[%emt 0:00:08]} 38. Be5 {[%emt 0:00:17]} b4 {[%emt 0:00:10]} 39. Bb2 {[%emt 0:00:08]} a5 {[%emt 0:00:09]} 40. h4 {[%emt 0:00:03]} c4 {[%emt 0:00:16]} 41. h5 {[%emt 0:00:15]} c3 {[%emt 0:00:10]} 42. hxg6 {[%emt 0:00:16]} hxg6 {[%emt 0:00:01]} 43. Bc1 {[%emt 0:00:08]} b3 {[%emt 0:00:45]} 44. f5+ {[%emt 0:00:04]} gxf5 {[%emt 0:00:02]} 45. gxf5+ {[%emt 0:00:01]} Kxf5 {[%emt 0:00:05]} 46. Ba3 {[%emt 0:00:09]} b2 {[%emt 0:00:05]} 47. Bxb2 {[%emt 0:00:02]} cxb2 {[%emt 0:00:02]} 48. Kf2 {[%emt 0:00:02]} b1=Q {[%emt 0:00:10]} 49. Ke3 {[%emt 0:00:10]} Ke5 {[%emt 0:00:32]} 50. Kf2 {[%emt 0:00:05]} Kf4 {[%emt 0:00:08]} 51. Kg2 {[%emt 0:00:02]} e3+ {[%emt 0:00:12]} 0-1